| 000 | 00539nam a22001577a 4500 | ||
|---|---|---|---|
| 005 | 20180823130200.0 | ||
| 020 |
_a8170003431 _c1500.00 (set price) |
||
| 035 | _aB-92479, B-092478, B-092475 | ||
| 037 |
_aDPL _bENG |
||
| 100 | _aDhiman, Anil K. | ||
| 245 |
_aBasics of information technology for librarians and information scientists : _bIT's applications in LIS / _cby Anil K. Dhiman |
||
| 250 | _aVol.II | ||
| 260 |
_aNew Delhi _bEss Ess Publications _c2003 |
||
| 300 |
_a306p. _c20 cms. |
||
| 942 |
_2ddc _cEN _h025.04 _mDHI |
||
| 999 |
_c64215 _d64215 |
||